MARC details
| 001 - CONTROL NUMBER |
| control field |
0000 |
| 003 - CONTROL NUMBER IDENTIFIER |
| control field |
00000 |
| 005 - DATE AND TIME OF LATEST TRANSACTION |
| control field |
20260311145154.0 |
| 006 - FIXED-LENGTH DATA ELEMENTS--ADDITIONAL MATERIAL CHARACTERISTICS--GENERAL INFORMATION |
| fixed length control field |
m o d |
| 007 - PHYSICAL DESCRIPTION FIXED FIELD--GENERAL INFORMATION |
| fixed length control field |
cr unu|||||||| |
| 008 - FIXED-LENGTH DATA ELEMENTS--GENERAL INFORMATION |
| fixed length control field |
990211c19719999gw br pso 0 a0eng c |
| 010 ## - LIBRARY OF CONGRESS CONTROL NUMBER |
| LC control number |
2008233220 |
| 016 7# - NATIONAL BIBLIOGRAPHIC AGENCY CONTROL NUMBER |
| Record control number |
013089753 |
| Source |
Uk |
| 016 7# - NATIONAL BIBLIOGRAPHIC AGENCY CONTROL NUMBER |
| Record control number |
1462140-X |
| Source |
DE-600 |
| 020 ## - INTERNATIONAL STANDARD BOOK NUMBER |
| International Standard Book Number |
9780323937252 |
| 029 1# - (OCLC) |
| OCLC library identifier |
OCLCS |
| System control number |
4008 |
| 029 1# - (OCLC) |
| OCLC library identifier |
OCLCS |
| System control number |
OP-29070 |
| 029 1# - (OCLC) |
| OCLC library identifier |
UKMGB |
| System control number |
013089753 |
| 029 1# - (OCLC) |
| OCLC library identifier |
AU@ |
| System control number |
000075789958 |
| 030 ## - CODEN DESIGNATION |
| CODEN |
MMIYAO |
| 035 ## - SYSTEM CONTROL NUMBER |
| System control number |
(OCoLC)40774105 |
| 040 ## - CATALOGING SOURCE |
| Original cataloging agency |
RIU |
| Language of cataloging |
eng |
| Description conventions |
pn |
| Transcribing agency |
RIU |
| Modifying agency |
VPI |
| -- |
OCL |
| -- |
OCLCQ |
| -- |
MUQ |
| -- |
OCL |
| -- |
GUA |
| -- |
AZU |
| -- |
OCLCQ |
| -- |
UKMGB |
| -- |
OCLCQ |
| -- |
MYG |
| -- |
OCLCQ |
| -- |
OCLCO |
| -- |
OCLCQ |
| -- |
OCLCF |
| -- |
OCLCO |
| -- |
OCLCQ |
| -- |
OCLCO |
| -- |
APUMS |
| -- |
EZC |
| -- |
U3W |
| -- |
AU@ |
| -- |
OCLCO |
| -- |
WYU |
| -- |
OCLCO |
| -- |
AUD |
| -- |
OCLCA |
| -- |
VT2 |
| -- |
NJT |
| -- |
OCLCO |
| -- |
DLC |
| -- |
OCLCA |
| -- |
UBY |
| -- |
OCLCQ |
| -- |
UAB |
| -- |
SXB |
| -- |
OCLCL |
| -- |
SFB |
| -- |
QGK |
| -- |
CSU |
| -- |
XFH |
| -- |
OCLCQ |
| 042 ## - AUTHENTICATION CODE |
| Authentication code |
pcc |
| 050 00 - LIBRARY OF CONGRESS CALL NUMBER |
| Classification number |
RA 421 .G64 |
| 082 04 - DEWEY DECIMAL CLASSIFICATION NUMBER |
| Classification number |
616.9041 |
| 100 ## - MAIN ENTRY--PERSONAL NAME |
| Personal name |
Goering, Richard V. |
| 130 0# - MAIN ENTRY--UNIFORM TITLE |
| Uniform title |
Medical microbiology and immunology (Online) |
| 245 10 - TITLE STATEMENT |
| Title |
Mims' Medical microbiology and immunology. |
| 250 ## - EDITION STATEMENT |
| Edition statement |
7th ed. |
| 264 ## - PUBLICATION, DISTRIBUTION, ETC. (IMPRINT) |
| Place of publication, distribution, etc |
Edinburgh |
| Name of publisher, distributor, etc |
Elsevier |
| Date of publication, distribution, etc |
2025 |
| 300 ## - PHYSICAL DESCRIPTION |
| Extent |
xvi, 601p. ill. |
| 336 ## - CONTENT TYPE |
| Content type term |
text |
| Content type code |
txt |
| Source |
rdacontent |
| 337 ## - MEDIA TYPE |
| Media type term |
computer |
| Media type code |
c |
| Source |
rdamedia |
| 338 ## - CARRIER TYPE |
| Carrier type term |
online resource |
| Carrier type code |
cr |
| Source |
rdacarrier |
| 500 ## - GENERAL NOTE |
| General note |
Includes index |
| 515 ## - NUMBERING PECULIARITIES NOTE |
| Numbering peculiarities note |
Some nos. combined. |
| 538 ## - SYSTEM DETAILS NOTE |
| System details note |
Mode of access: World Wide Web. |
| 588 0# - SOURCE OF DESCRIPTION NOTE |
| Source of description note |
Vol. 184, issue 4 (1996); title from journal home page (viewed Jan. 4, 2000). |
| 588 1# - SOURCE OF DESCRIPTION NOTE |
| Source of description note |
Vol. 208, no. 5 (Oct. 2019) (SpringerLink, viewed Oct. 28, 2019). |
| 650 #0 - SUBJECT ADDED ENTRY--TOPICAL TERM |
| Topical term or geographic name as entry element |
Immunology |
| 650 #0 - SUBJECT ADDED ENTRY--TOPICAL TERM |
| Topical term or geographic name as entry element |
Medical microbiology |
| 650 #0 - SUBJECT ADDED ENTRY--TOPICAL TERM |
| Topical term or geographic name as entry element |
Microbiology |
| 650 #2 - SUBJECT ADDED ENTRY--TOPICAL TERM |
| Topical term or geographic name as entry element |
Allergy and Immunology. |
| 650 #2 - SUBJECT ADDED ENTRY--TOPICAL TERM |
| Topical term or geographic name as entry element |
Communicable Diseases. |
| 650 #2 - SUBJECT ADDED ENTRY--TOPICAL TERM |
| Topical term or geographic name as entry element |
Microbiology. |
| 650 #6 - SUBJECT ADDED ENTRY--TOPICAL TERM |
| Topical term or geographic name as entry element |
Immunologie |
| 650 #6 - SUBJECT ADDED ENTRY--TOPICAL TERM |
| Topical term or geographic name as entry element |
Microbiologie mďicale |
| 650 #7 - SUBJECT ADDED ENTRY--TOPICAL TERM |
| Topical term or geographic name as entry element |
microbiology. |
| Source of heading or term |
aat |
| 650 #7 - SUBJECT ADDED ENTRY--TOPICAL TERM |
| Topical term or geographic name as entry element |
Immunology. |
| Source of heading or term |
fast |
| Authority record control number |
(OCoLC)fst00968006 |
| 650 #7 - SUBJECT ADDED ENTRY--TOPICAL TERM |
| Topical term or geographic name as entry element |
Medical microbiology. |
| Source of heading or term |
fast |
| Authority record control number |
(OCoLC)fst01014362 |
| 650 #7 - SUBJECT ADDED ENTRY--TOPICAL TERM |
| Topical term or geographic name as entry element |
Microbiology. |
| Source of heading or term |
fast |
| Authority record control number |
(OCoLC)fst01019576 |
| 650 #7 - SUBJECT ADDED ENTRY--TOPICAL TERM |
| Topical term or geographic name as entry element |
Immunologia. |
| Source of heading or term |
thub |
| 650 #7 - SUBJECT ADDED ENTRY--TOPICAL TERM |
| Topical term or geographic name as entry element |
Microbiologia md̈ica. |
| Source of heading or term |
thub |
| 655 #0 - INDEX TERM--GENRE/FORM |
| Genre/form data or focus term |
Electronic journals. |
| 655 #2 - INDEX TERM--GENRE/FORM |
| Genre/form data or focus term |
Periodical. |
| 655 #7 - INDEX TERM--GENRE/FORM |
| Genre/form data or focus term |
periodicals. |
| Source of term |
aat |
| 655 #7 - INDEX TERM--GENRE/FORM |
| Genre/form data or focus term |
Periodicals. |
| Source of term |
fast |
| Authority record control number |
(OCoLC)fst01411641 |
| 655 #7 - INDEX TERM--GENRE/FORM |
| Genre/form data or focus term |
Periodicals. |
| Source of term |
lcgft |
| 655 #7 - INDEX TERM--GENRE/FORM |
| Genre/form data or focus term |
Přiodiques. |
| Source of term |
rvmgf |
| 655 #7 - INDEX TERM--GENRE/FORM |
| Genre/form data or focus term |
Revistes electrṇiques. |
| Source of term |
thub |
| 776 08 - ADDITIONAL PHYSICAL FORM ENTRY |
| Relationship information |
Print version: |
| Title |
Medical microbiology and immunology |
| International Standard Serial Number |
0300-8584 |
| Record control number |
(DLC)sn 79009278 |
| -- |
(OCoLC)1189481 |
| 780 00 - PRECEDING ENTRY |
| Title |
|
| Record control number |
(OCoLC)179289517 |
| 906 ## - LOCAL DATA ELEMENT F, LDF (RLIN) |
| a |
7 |
| b |
cbc |
| c |
sercoop |
| d |
2 |
| e |
ncip |
| f |
20 |
| g |
n-oclcserc |
| 942 ## - ADDED ENTRY ELEMENTS (KOHA) |
| Source of classification or shelving scheme |
Library of Congress Classification |
| Koha item type |
Books |